书目信息 |
| 题名: |
现代包装设计与品牌策划研究
|
|
| 作者: | 向家祥 , 王庆禅 , 罗明金 著 | |
| 分册: | ||
| 出版信息: | 长春 吉林出版集团股份有限公司 2021.3 |
|
| 页数: | 184页 | |
| 开本: | 24cm | |
| 丛书名: | ||
| 单 册: | ||
| 中图分类: | TB482 | |
| 科图分类: | ||
| 主题词: | 包装设计--研究 | |
| 电子资源: | ||
| ISBN: | 978-7-5581-9870-0 | |
| 000 | 01050nam0 2200265 45 | |
| 001 | 012001002154 | |
| 005 | 20140913132013.0 | |
| 010 | @a978-7-5581-9870-0@dCNY65.00 | |
| 100 | @a20210610d2021 em y0chiy50 ea | |
| 101 | 0 | @achi |
| 102 | @aCN@b220000 | |
| 105 | @aa z 000yy | |
| 106 | @ar | |
| 200 | 1 | @a现代包装设计与品牌策划研究@Axian dai bao zhuang she ji yu pin pai ce hua yan jiu@b专著@f向家祥,王庆禅,罗明金著 |
| 210 | @a长春@c吉林出版集团股份有限公司@d2021.3 | |
| 215 | @a184页@c图@d24cm | |
| 300 | @a怀化学院设计学省级双一流应用特色学科建设成果 湖南省哲学社会科学一般项目《乡村振兴背景下大湘西区域农产品品牌塑造与传播研究》 | |
| 330 | @a本书对包装品牌策划与包装品牌维护的过程及细节进行了较为全面、系统的研究。通过案例分析,读者能深刻理解什么是品牌策划,怎样进行品牌策划与品牌维护。 | |
| 606 | 0 | @a包装设计@x研究 |
| 690 | @aTB482@v5 | |
| 701 | 0 | @a向家祥@Axiang jia xiang@4著 |
| 701 | 0 | @a王庆禅@Awang qing chan@4著 |
| 701 | 0 | @a罗明金@Aluo ming jin@4著 |
| 801 | 0 | @aCN@bBJSDL@c20211011 |
| 905 | @b1338644-7@dTB482@e600@f4 | |
| 现代包装设计与品牌策划研究/向家祥,王庆禅,罗明金著.-长春:吉林出版集团股份有限公司,2021.3 |
| 184页:图;24cm |
| 怀化学院设计学省级双一流应用特色学科建设成果 湖南省哲学社会科学一般项目《乡村振兴背景下大湘西区域农产品品牌塑造与传播研究》 |
| ISBN 978-7-5581-9870-0:CNY65.00 |
| 本书对包装品牌策划与包装品牌维护的过程及细节进行了较为全面、系统的研究。通过案例分析,读者能深刻理解什么是品牌策划,怎样进行品牌策划与品牌维护。 |
| ● |
| 相关链接 |
|
|
|
|
正题名:现代包装设计与品牌策划研究
索取号:TB482/600
 
预约/预借
| 序号 | 登录号 | 条形码 | 馆藏地/架位号 | 状态 | 备注 |
| 1 | 1338644 | 213386441 | 第二样本阅览室/ [索取号:TB482/600] | 在馆 | |
| 2 | 1338645 | 213386450 | 第三借阅区/ [索取号:TB482/600] | 在馆 | |
| 3 | 1338646 | 213386469 | 第三借阅区/ [索取号:TB482/600] | 在馆 | |
| 4 | 1338647 | 213386478 | 第三借阅区/ [索取号:TB482/600] | 在馆 |